Practical piety. Set forth by st. Francis de Sales, bishop and prince of Geneva, collected from his letters and documents

Gespeichert in:
Bibliographische Detailangaben
1. Verfasser: Sales, Francisco de (VerfasserIn)
Format: Buch
Sprache:Englisch
Veröffentlicht: Nueva York John Murphy Company 1869
Ausgabe:1a. ed
Schlagworte:
Tags: Tag hinzufügen
Keine Tags, Fügen Sie den ersten Tag hinzu!

MARC

LEADER 00000nam a2200000 a 4500
001 UCJ6269
003 CL-VaPUC
008 070124e18690000US |||||||||||||||||eng|d
082 0 4 |a 242  |b SAL  |2 21 
100 0 |a Sales, Francisco de  |e author  |9 512702 
245 1 0 |a Practical piety. Set forth by st. Francis de Sales, bishop and prince of Geneva, collected from his letters and documents 
250 |a 1a. ed 
300 |a xiv, 360 p 
942 |c BK 
945 |d 20070124 00:00:00  |a rinostro 
260 |a Nueva York  |b John Murphy Company  |c 1869 
500 |a 8§.- Port.- v.: escudo y recomendación de la obra por el Arzobispo Martin J. Spalding, de Baltimore 
600 0 7 |a FRANCISCO DE SALES  |2 CL-VaPUC  |9 512703 
600 0 7 |a SPALDING, MARTIN J.  |2 CL-VaPUC  |9 512704 
650 7 |a ORACIONES  |2 CL-VaPUC  |9 319212 
650 0 |a Biografías  |9 255210 
650 7 |a HAGIOGRAFIA  |2 CL-VaPUC  |9 506102 
650 7 |a HERALDICA  |2 CL-VaPUC  |9 388228 
583 |a last modification  |c 20170606 11:03:51  |k Rodrigo Vera 
999 |c 322377  |d 322375 
952 |0 0  |1 0  |4 0  |6 242_000000000000000_SAL_1869  |7 0  |8 X  |9 401352  |a FDOBUD  |b FDOBUD  |d 2019-11-22  |i 1045911  |o 242 SAL 1869  |p 1045911  |r 2019-11-22  |w 2019-11-22  |y BK_X  |k BUD